| 000 | 00899nas a2200265 4500 | ||
|---|---|---|---|
| 001 | BR2014002275 | ||
| 003 | BR-BrBNA | ||
| 005 | 20231205123901.0 | ||
| 007 | ta | ||
| 008 | 230509b bl.|||p| |||| 00| 00por d | ||
| 040 |
_aBR-BrBNA _bpor _cBiblioteca Nacional de Agricultura |
||
| 041 | _a(Pt) | ||
| 072 | _aF62; P40 | ||
| 100 | 1 | _aSouza, C.B. de | |
| 100 | 1 | _aSilva, B.B. da | |
| 100 | 1 | _aAzevedo, P.V. de | |
| 245 | 1 | _aCrescimento e rendimento do abacaxizeiro nas condições climáticas dos Tabuleiros Costeiros do Estado da Paraíba | |
| 650 | _aANANAS COMOSUS | ||
| 650 | _aCRESCIMENTO | ||
| 650 | _aPRODUTIVIDADE | ||
| 650 | _aETAPA DE DESENVOLVIMENTO DA PLANTA | ||
| 773 | 0 |
_tRevista Brasileira de Engenharia Agrícola e Ambiental (Brazil) _xISSN 1415-4366 _g(Mar-Apr 2007), v. 11(2) p. 134-141 _wBR2014002275 |
|
| 909 |
_a202311 _bLúcia _c55 _dLúcia Elande |
||
| 942 |
_2AGRIS _n0 _cANA |
||
| 999 |
_c236192 _d236192 |
||